| 000 | 00477nam a2200169 i 4500 | ||
|---|---|---|---|
| 001 | 56212 | ||
| 003 | ES-MaACL | ||
| 005 | 20230906163317.0 | ||
| 007 | t| | ||
| 008 | 031006s1962 sp ||||1| spa d | ||
| 100 | 1 |
_aDíaz Seijas, Pedro. _944429 |
|
| 245 | 1 | 0 |
_aHistoria y antologia de la literatura venezolana / _cPedro Díaz Seijas. |
| 250 | _a4ª ed. | ||
| 260 |
_aMadrid : _bJaime Villegas, _c1962. |
||
| 300 |
_a600 p. ; _c26 cm. |
||
| 852 |
_aES-MaACL _jC-21546 _bR.49925 |
||
| 999 |
_c56212 _d56212 |
||